000 00219nam a22000857a 4500
008 170111b xxu||||| |||| 00| 0 eng d
100 _92313
_aGupta.K.etal.
245 _aActivity Around SST-III
260 _aNew Delhi
_bAPC
_c2008
999 _c5238
_d5238